| 000 | 01662nam0a2200349 i 4500 | ||
|---|---|---|---|
| 001 | RU\NLR\BIBL_A\011013792 | ||
| 005 | 20241103041414.0 | ||
| 010 |
_a9785000773895 _9200 |
||
| 021 |
_aRU _b2016-16442 _91062 |
||
| 035 | _a(NILC)RuMoRGB-008162767 | ||
| 035 | _a(NLR Aleph) 011013792 | ||
| 090 |
_a11038517 _c11038517 |
||
| 100 | _a20160321d2015 km y0rusy50 ca | ||
| 101 | 0 | _arus | |
| 102 | _aRU | ||
| 105 | _aa|||j|||000yy | ||
| 200 | 1 |
_aОценка воздействия систем земледелия и агротехнологий на окружающую среду _eучебное пособие _fА. И. Беленков, М. А. Мазиров, А. И. Мельченко _gМ-во сельского хоз-ва Российской Федерации, Российский гос. аграрный ун-т - МСХА им. К. А. Тимирязева |
|
| 210 |
_aМосква _cСкрипта манент _d2015 |
||
| 215 |
_a119 с. _cил. _d29 |
||
| 225 | 1 |
_aСерия "Экологическое знание" _vвып. 4 |
|
| 320 | _aБиблиогр. в тексте | ||
| 606 |
_aЗемледелие _jУчебные издания _xЭкологические основы _92070528 _3RU\NLR\AUTH\661245251 |
||
| 686 | 1 | _aП14я7 | |
| 700 | 1 |
_aБеленков _bА. И. _gАлексей Иванович |
|
| 701 | 1 |
_aМазиров _f1960- _gМихаил Арнольдович |
|
| 701 | 1 |
_aМельченко _bА. И. _gАлександр Иванович |
|
| 801 | 0 |
_aRU _bРГБ _c20160301 _gRCR |
|
| 801 | 1 |
_aRU _bРГБ _c20160301 _2rusmarc |
|
| 942 | _cBOOK | ||
| 980 | _aNBR | ||